| 000 | 00530nam a22001817a 4500 | ||
|---|---|---|---|
| 003 | OSt | ||
| 005 | 20240809123007.0 | ||
| 008 | 240809b |||||||| |||| 00| 0 eng d | ||
| 020 | _a978-81-264-2458-0 | ||
| 040 | _cSBCL | ||
| 082 |
_a894.8123 _bRAM-F |
||
| 100 | _aRamakrishnan,T.D. | ||
| 245 | _aFrancis Ittykkora | ||
| 260 |
_aKottayam _bDC Books _c2024 |
||
| 300 | _a384.p | ||
| 650 |
_2Literature and rhetoric _aLiteratures of other languages _vAltaic, Uralic, Hyperborean and Dravidian _xMalayalaam Novel |
||
| 942 | _cBOOK | ||
| 999 |
_c136190 _d136190 |
||